00992ntm a22002417a 450000500170000000800410001704000280005808200170008610000350010324501420013826000100028030000400029050001790033059000100050965000390051965300230055865500090058170000250059077700090061594200080062499900170063295201010064920170813142501.0170802s2013 xx a frb 000 0 eng d aEG-ScBUEbengcEG-ScBUE04222a624bSAA1 aSaad Eldin, Saad eldin Khaled.14aThe difference between the force based seimsic desgin and the performance based seismc desgin approaches /cSaad eldin Khaled Saad Eldin. c2013. aiii, 73 p. :bill. (col.) ;c28 cm. aA dissertation submitted to the faculty of engineering the British University in Egypt,in partial fulfillment of the requirements for the bachelor degree in civil engineering anagwa 72BUEshaCivil EngineeringvProjects bENGCIVcAugust2017 vSPRO1 aShedid, Marwan.ethe ASPRO 2ddc c25293d25265 00102ddc4070aMAINbMAINc2NDd2017-08-08l0o624 SAAp000046698r2025-07-15 00:00:00yPROJST